|
|
|
|
| LEADER |
00000nam a22000007a 4500 |
| 005 |
20130327145625.0 |
| 007 |
cr|||| |||| |
| 008 |
130327e2012 ck |||||s|||| 00||0 spa d |
| 020 |
|
|
|a 978-958-762-045-0
|
| 035 |
|
|
|a 9103
|
| 040 |
|
|
|a vLex
|
| 090 |
|
|
|c 4057
|d 4057
|
| 100 |
1 |
0 |
|a Merchǹ Price, Jorge
|
| 245 |
1 |
0 |
|a Ética Mďica, abusos y atropellos
|c / Jorge Merchǹ Price
|h [Recurso electrn̤ico]
|
| 256 |
|
|
|a Servicio en ln̕ea
|
| 260 |
|
|
|a Bogot ̀:
|b Ediciones de la U,
|c 2012
|
| 300 |
|
|
|a 1 Recurso electrn̤ico
|
| 506 |
|
|
|d vLex Global
|d vLex Global (Academic Edition, excluding Law Schools)
|d vLex Global (U.S. Academic Edition, Law Schools)
|d vLex Global (U.S. Academic Edition, excluding Law Schools)
|d vLex Global (Academic Edition, Law Schools)
|
| 650 |
0 |
4 |
|a Ética
|
| 650 |
0 |
4 |
|a Medicina
|
| 650 |
0 |
4 |
|a Deontologa̕
|
| 650 |
0 |
4 |
|a Sanidad
|
| 740 |
|
|
|a vLex Libros (Servicio en ln̕ea)
|
| 856 |
|
|
|a Acceso restringido
|u http://www.vlex.com/source/9103
|
| 942 |
|
|
|c BOOK
|
| 999 |
|
0 |
|a Ethics
|